MARC details
| 000 -CABECERA |
| campo de control de longitud fija |
01358nam a2200337 i 4500 |
| 001 - NÚMERO DE CONTROL |
| campo de control |
000039027 |
| 003 - IDENTIFICADOR DEL NÚMERO DE CONTROL |
| campo de control |
DO-SdBNP |
| 005 - FECHA Y HORA DE LA ÚLTIMA TRANSACCIÓN |
| campo de control |
20250312102407.0 |
| 007 - CAMPO FIJO DE DESCRIPCIÓN FÍSICA--INFORMACIÓN GENERAL |
| campo de control de longitud fija |
ta |
| 008 - DATOS DE LONGITUD FIJA--INFORMACIÓN GENERAL |
| campo de control de longitud fija |
110504s2013 dr ac 000 0 spa d |
| 040 ## - FUENTE DE LA CATALOGACIÓN |
| Centro catalogador/agencia de origen |
DO-SdBNP |
| Lengua de catalogación |
spa |
| Centro/agencia transcriptor |
BNPHU |
| Normas de descripción |
rda |
| 041 ## - CÓDIGO DE LENGUA |
| Código de lengua del texto/banda sonora o título independiente |
spa |
| 082 #4 - NÚMERO DE LA CLASIFICACIÓN DECIMAL DEWEY |
| Número de clasificación |
021.7 |
| Número de documento/Ítem |
F356d 2013 |
| Número de edición |
22 |
| 111 2# - ENTRADA PRINCIPAL--NOMBRE DE CONGRESO/REUNIÓN |
| Nombre de congreso/reunión o jurisdicción como elemento de entrada |
Feria Internacional del libro |
| Número del congreso/reunión o número de parte o sección |
(16a. : |
| Fecha del congreso/reunión |
2013 : 22 abril al 5 de mayo |
| Sede del congreso/Lugar de la reunión |
Santo Domingo) |
| 9 (RLIN) |
65269 |
| 245 10 - MENCIÓN DE TÍTULO |
| Título |
XVI feria Internacional del Libro Santo Domingo 2013 : |
| Resto del título |
Programa. |
| 246 13 - FORMA VARIANTE DE TÍTULO |
| Título propio/Titulo breve |
Decimasexta Feria Internacional del Libro Santo Domingo 2013 |
| 264 #4 - PRODUCCIÓN, PUBLICACIÓN, DISTRIBUCIÓN, FABRICACIÓN Y COPYRIGHT |
| Producción, publicación, distribución, fabricación y copyright |
Santo Domingo : |
| Nombre del de productor, editor, distribuidor, fabricante |
Ediciones Ferilibro, |
| Fecha de producción, publicación, distribución, fabricación o copyright |
©2013. |
| 300 ## - DESCRIPCIÓN FÍSICA |
| Extensión |
252 páginas : |
| Otras características físicas |
ilustraciones, retratos ; |
| Dimensiones |
24 cm. |
| 336 ## - TIPO DE CONTENIDO |
| Término de tipo de contenido |
texto |
| Código de tipo de contenido |
txt |
| Fuente |
rdacontent |
| 337 ## - TIPO DE MEDIO |
| Nombre/término del tipo de medio |
sin mediación |
| Código del tipo de medio |
n |
| Fuente |
rdamedia |
| 338 ## - TIPO DE SOPORTE |
| Nombre/término del tipo de soporte |
volumen |
| Código del tipo de soporte |
nc |
| Fuente |
rdacarrier |
| 500 ## - NOTA GENERAL |
| Nota general |
Dedicada a Hilma Contreras, país invitado de honor Ecuador |
| 500 ## - NOTA GENERAL |
| Nota general |
En homenaje al natalicio de Juan Pablo Duarte |
| 590 ## - NOTA LOCAL (RLIN) |
| Nota local |
Inventariado, 2018/VM |
| 611 24 - PUNTO DE ACCESO ADICIONAL DE MATERIA--NOMBRE DE REUNIÓN/CONGRESO |
| Nombre de congreso/reunión o jurisdicción como elemento de entrada |
Feria Internacional del Libro |
| Subdivisión general |
Programas |
| Número del congreso/reunión o número de parte o sección |
(16ª : |
| Fecha del congreso/reunión |
2013 |
| 9 (RLIN) |
65270 |
| 650 #4 - PUNTO DE ACCESO ADICIONAL DE MATERIA--TÉRMINO DE MATERIA |
| Término de materia o nombre geográfico como elemento de entrada |
Industria del libro |
| Subdivisión geográfica |
República Dominicana |
| 9 (RLIN) |
53136 |
| 650 #4 - PUNTO DE ACCESO ADICIONAL DE MATERIA--TÉRMINO DE MATERIA |
| Término de materia o nombre geográfico como elemento de entrada |
Feria del libro |
| Subdivisión geográfica |
República Dominicana |
| Subdivisión cronológica |
2004 |
| 9 (RLIN) |
53137 |
| 651 #4 - PUNTO DE ACCESO ADICIONAL DE MATERIA--NOMBRE GEOGRÁFICO |
| Nombre geográfico |
Santo Domingo (República Dominicana) |
| Subdivisión general |
Historia local |
| 9 (RLIN) |
85361 |
| 910 ## - DATOS DE OPCIÓN DEL USUARIO (OCLC) |
| Datos de opción del usuario |
Validado. Control de calidad. EMS |
| 942 ## - ELEMENTOS DE PUNTO DE ACCESO ADICIONAL (KOHA) |
| Fuente del sistema de clasificación o colocación |
Dewey Decimal Classification |
| Tipo de ítem Koha |
Libro |